LEADER 01117nam 2200349 450 001 996198307203316 005 20230214202408.0 010 $a1-5090-7588-7 035 $a(CKB)1000000000812025 035 $a(WaSeSS)IndRDA00093498 035 $a(EXLCZ)991000000000812025 100 $a20180306d2008 || | 101 0 $aeng 135 $aur||||||||||| 181 $ctxt$2rdacontent 182 $cc$2rdamedia 183 $acr$2rdacarrier 200 10$a2008 Second IEEE International Conference on Digital Game and Intelligent Toy Enhanced Learning $e17-19 November 2008 210 1$aNew York :$cIEEE,$d2008. 215 $a1 online resource (220 pages) 300 $aIncludes index. 311 $a0-7695-3409-0 606 $aArtificial intelligence$vCongresses 606 $aVideo games$vCongresses 615 0$aArtificial intelligence 615 0$aVideo games 801 0$bWaSeSS 801 1$bWaSeSS 906 $aPROCEEDING 912 $a996198307203316 996 $a2008 Second IEEE International Conference on Digital Game and Intelligent Toy Enhanced Learning$92389802 997 $aUNISA LEADER 03240nam 2200553 450 001 9910809683203321 005 20230126221227.0 010 $a1-77671-044-4 035 $a(CKB)4100000008737561 035 $a(MiAaPQ)EBC5830144 035 $a(EXLCZ)994100000008737561 100 $a20190806d2019 uy 0 101 0 $aeng 135 $aurcnu|||||||| 181 $ctxt$2rdacontent 182 $cc$2rdamedia 183 $acr$2rdacarrier 200 10$aFunny as $ethe story of New Zealand comedy /$fPaul Horan and Philip Matthews ; with a foreword by Michele A'Court 210 1$aAuckland, New Zealand :$cAuckland University Press,$d[2019] 210 4$d©2019 215 $a1 online resource (337 pages) 311 $a1-86940-900-0 320 $aIncludes bibliographical references. 327 $aBloody laughter: war and the birth of New Zealand comedy -- Comedy and writers: blokes bastards and outbreaks of beauty -- Lessons in comedy: universities and capping revues -- 'Bold and blue': female impersonators, cabaret and variety -- Comedians and politicians: 'stuff that doesn't really matter' -- Comedy and theatre: million-dollar ideas -- Directors on the edge: comedy on screen -- The start of it: TV comedy up to the 1980s -- John Clarke: the man from the audience -- Billy T. James: between two worlds -- The Topp Twins: only in New Zealand -- The Front Lawn: sons of the suburbs -- Live comedy in the 1980s and 1990s: looking for a place to stand (up) -- Breaking the rules: TV in the 1990s and beyond -- Naked in the house of spirits: Samoan comedy -- Live comedy in the twenty-first century: the new establishment -- Kin folk: Flight of the Conchords -- Taika Waititi: a Maori in space -- Rose and other names: a new comedy generation. 330 $a"From the Kiwi Concert Party to The Topp Twins, Billy T. James to Rose Matafeo, Fred Dagg to Flight of the Conchords, New Zealanders have made each other laugh in ways distinctive to these islands. The book takes us inside the comedy clubs, cabarets and television studios where comedians work; it charts the rise of cartoons and skits, parody and stand-up; it introduces us to how New Zealand's funniest men and women have made sense (and nonsense) out of this country's changing culture and society"--Publisher information. 606 $aComedians$zNew Zealand 606 $aComedians$zNew Zealand$vPictorial works 606 $aStand-up comedy$zNew Zealand$xHistory 606 $aTelevision personalities$zNew Zealand$xHistory 606 $aTelevision personalities$zNew Zealand$vPictorial works 606 $aNew Zealand$xSocial life and customs$vHumor 607 $aNew Zealand$xSocial life and customs$vHumor 615 0$aComedians 615 0$aComedians 615 0$aStand-up comedy$xHistory. 615 0$aTelevision personalities$xHistory. 615 0$aTelevision personalities 615 0$aNew Zealand$xSocial life and customs 676 $a792.76 700 $aHoran$b Paul$01656516 702 $aMatthews$b Philip 702 $aA'Court$b Michele 801 0$bMiAaPQ 801 1$bMiAaPQ 801 2$bMiAaPQ 906 $aBOOK 912 $a9910809683203321 996 $aFunny as$94009460 997 $aUNINA LEADER 02218nas 2200649- 450 001 9910307954203321 005 20241221110520.0 011 $a2199-6873 035 $a(DE-599)ZDB2809149-8 035 $a(OCoLC)604698184 035 $a(CKB)1000000000428834 035 $a(CONSER)--2019207629 035 $a(MiFhGG)2KSS 035 $a(EXLCZ)991000000000428834 100 $a20100407a19989999 --- - 101 0 $aeng 135 $aurbn||||||abp 135 $aurbn||||||ada 181 $ctxt$2rdacontent 182 $cc$2rdamedia 183 $acr$2rdacarrier 200 00$aJournal of social and economic development 210 1$aBangalore :$cInstitute for Social and Economic Change 210 31$c[Bangalore] :$cSpringer India 300 $aRefereed/Peer-reviewed 311 08$a0972-5792 531 $aJOURNAL OF SOCIAL & ECONOMIC DEVELOPMENT 606 $aEconomic development$vPeriodicals 606 $aDéveloppement économique$vPériodiques 606 $aEconomic development$2fast$3(OCoLC)fst00901785 606 $aEconomic history$2fast$3(OCoLC)fst00901974 606 $aEconomic policy$2fast$3(OCoLC)fst00902025 606 $aSocial conditions$2fast$3(OCoLC)fst01919811 606 $aEntwicklungsländer$2stw 606 $aEntwicklung$2stw 607 $aIndia$xEconomic conditions$y1947-$vPeriodicals 607 $aIndia$xSocial conditions$y1947-$vPeriodicals 607 $aIndia$xEconomic policy$vPeriodicals 607 $aInde$xConditions économiques$y1947-$vPériodiques 607 $aInde$xConditions sociales$y1947-$vPériodiques 607 $aInde$xPolitique économique$vPériodiques 607 $aIndia$2fast 608 $aPeriodicals.$2fast 608 $aPeriodicals.$2lcgft 615 0$aEconomic development 615 6$aDéveloppement économique 615 7$aEconomic development. 615 7$aEconomic history. 615 7$aEconomic policy. 615 7$aSocial conditions 615 7$aEntwicklungsländer. 615 7$aEntwicklung. 712 02$aInstitute for Social and Economic Change, 906 $aJOURNAL 912 $a9910307954203321 996 $aJournal of social and economic development$91984102 997 $aUNINA